000 00865nas a2200241 454500
001 60798
005 20260407193512.0
008 260407s2023####ag###########|||spa#d
003 AR-UNSa-BCEJYS
040 _aAR-UNSa-BCEJYS
_bspa
_cAR-UNSa-BCEJYS
080 _a343.13
_xProcedimiento penal. Derecho procesal penal
245 1 0 _aTemas de derecho penal y procesal penal
264 1 _aBuenos Aires :
_bErrepar
_c2023
310 _aFrecuencia: Mensual A partir del ejemplar del mes de Feb./Mar. del 2024, cambia su periodicidad a Bimestral
041 _aspa
942 _cSER
590 _aniveau_biblio:s niveau_hierar:1
100 1 _aBorinsky, Mariano H.
700 1 _aSchurjin Almenar, Daniel
650 _aDerecho penal
650 _aDerecho Procesal
856 4 1 _uhttps://www.biblioeco.unsa.edu.ar/pmb/images/revistas/R23332.jpg
_yImagen de portada
_qimage/jpeg
999 _c8988
_d8988